Statistics for First Name + Initial Quiz

Click here to take the quiz!

General Stats

  • This quiz has been taken 41,170 times
    (27,816 since last reset)
  • The average score is 16 of 27

Answer Stats

First + Initial Last Name % Correct
George W.Bush
95%
Samuel L.Jackson
92%
Harry S.Truman
90%
John F.Kennedy
88%
Dwight D.Eisenhower
88%
Ulysses S.Grant
86%
Homer J.Simpson
83%
F. ScottFitzgerald
82%
Michael J.Fox
78%
Robert E.Lee
76%
J. EdgarHoover
75%
Booker T.Washington
68%
Susan B.Anthony
65%
Mary J.Blige
63%
Warren G.Harding
53%
L. RonHubbard
50%
M. NightShyamalan
50%
Cecil B.DeMille
39%
George C.Scott
39%
James K.Polk
38%
Hunter S.Thompson
37%
Craig T.Nelson
30%
H. RossPerot
28%
Pearl S.Buck
26%
Alex P.Keaton
25%
Edward R.Murrow
24%
Philip K.Dick
24%

Score Distribution

Percentile by Number Answered

Percent of People with Each Score

Your Score History

You have not taken this quiz since the last reset